[Event "VIE-ch U13"]
[Site "Hai Phong"]
[Date "2018.07.09"]
[Round "4"]
[White "Nguyen, Dang Hoang Tung"]
[Black "Nguyen, Nam Khanh"]
[Result "1-0"]
[WhiteElo "1851"]
[BlackElo "1828"]
[PlyCount "72"]
[EventDate "2018.07.07"]
[EventType "swiss"]
[EventRounds "9"]
[EventCountry "VIE"]
[SourceTitle "EXT 2019"]
[Source "ChessBase"]
[SourceDate "2018.10.10"]
[SourceVersion "1"]
[SourceVersionDate "2018.10.10"]
[SourceQuality "1"]

1. e4 c5 2. Nf3 e6 3. d4 cxd4 4. Nxd4 a6 5. Be3 Qc7 6. a3 Nc6 7. Nc3 Nf6 8. Be2 Be7 9. 0-0 0-0 10. f4 d6 11. Bf3 Rb8 12. Qe1 Bd7 13. Kh1 Rfc8 14. g4 Nxd4 15. Bxd4 e5 16. Be3 Nxg4 17. Nd5 Qd8 18. Bb6 Qf8 19. Bxg4 Bxg4 20. Qg3 Be6 21. Nxe7+ Qxe7 22. fxe5 dxe5 23. Qxe5 Re8 24. Bd4 f6 25. Qg3 Kh8 26. Rae1 Rbc8 27. c3 Bc4 28. Rf5 Bf7 29. e5 Bg6 30. Rff1 fxe5 31. Rxe5 Qd7 32. Rfe1 Rxe5 33. Qxe5 Re8 34. Qg3 Rxe1+ 35. Qxe1 Qd5+ 36. Kg1 Qd7 1-0

[Event "VIE-ch U13"]
[Site "Hai Phong"]
[Date "2018.07.07"]
[Round "2"]
[White "Nguyen, Dang Hoang Tung"]
[Black "Vo, Le Duc"]
[Result "0-1"]
[WhiteElo "1851"]
[BlackElo "1834"]
[PlyCount "89"]
[EventDate "2018.07.07"]
[EventType "swiss"]
[EventRounds "9"]
[EventCountry "VIE"]
[SourceTitle "EXT 2019"]
[Source "ChessBase"]
[SourceDate "2018.10.10"]
[SourceVersion "1"]
[SourceVersionDate "2018.10.10"]
[SourceQuality "1"]

1. e4 e6 2. d3 d5 3. Nd2 dxe4 4. Nxe4 Nf6 5. Bg5 Be7 6. Nf3 Nxe4 7. Bxe7 Qxe7 8. dxe4 Qb4+ 9. Nd2 Qxb2 10. Bc4 0-0 11. Rb1 Qd4 12. 0-0 Nc6 13. Bd3 b6 14. Nf3 Qf6 15. Re1 Ne5 16. Nxe5 Qxe5 17. Qg4 Qa5 18. Bc4 Ba6 19. Bb3 c5 20. c4 Rfd8 21. Rbd1 Rd4 22. Qe2 Rad8 23. Rxd4 Rxd4 24. Rd1 Qc3 25. Qc2 Qxc2 26. Bxc2 Bxc4 27. Rxd4 cxd4 28. a3 e5 29. f3 Kf8 30. Kf2 Ke7 31. Ke1 Kd6 32. Kd2 Kc5 33. Bd1 b5 34. Kc2 a5 35. Kb2 a4 36. g3 Kb6 37. f4 f6 38. Bc2 Ka5 39. f5 b4 40. h4 d3 41. Bd1 d2 42. Kc2 Bb3+ 43. Kxd2 Bxd1 44. axb4+ Kxb4 45. Kxd1 0-1